Piosenki Dody - nagła śmierć - Statystyki

Ogólne statystyki
  • Ten quiz został rozwiązany 235 razy
  • Średni wynik to 6 z 9
Answers on the Grid
Answers color-coded by a green-red scale on the quiz's grid according to % correct below.
Małe rzeczy
Nim zajdzie słońce
Mama ostrzegała
Szarość i róż
Wierność jest nudna
Nie daj się
Księżniczka
2 Bajki
Melodia ta
Naucz mnie
Dżaga
Złamane serce jest OK
Szklanki
Eldorado
Tamta dziewczyna
Nie żałuję
To nie ja
Sen o przyszłości
Lustra
Zatańczę z aniołami
Pewnie już wiesz
Szampan
Jungle Girl
Helsinki
Z Tobą na chacie
Bądź duży
Baila Ella
Katharsis
 
Statystyki odpowiedzi
Odpowiedź % Poprawnych
Dżaga
87%
Nie daj się
86%
Nim zajdzie słońce
78%
2 Bajki
68%
Melodia ta
61%
Katharsis
58%
Zatańczę z aniołami
55%
Nie żałuję
48%
Pewnie już wiesz
34%
Nie znaleziono quizów pasujących do podanych kryteriów
Rozkład punktacji
Procent ludzi z każdym wynikiem
Percentyl według liczby udzielonych odpowiedzi
Twoja historia wyników
Nie rozwiązałeś tego quizu